Entertaining Crayon Sculptures II Quiz Stats

 Plays Quiz Updated Jul 10, 2015

Challenge
Share
Tweet
Score 0/24 Timer 06:00
7 Plays Today
% Correct
Beauty and the Beast
98.2%
Despicable Me (Minions)
97.4%
Winnie-the-Pooh (Tigger, Pooh, Piglet and Eeyore)
96.4%
Batman (Scarecrow, Bane, Joker, Catwoman and Red Hood)
94.9%
Captain America
90.9%
Willy Wonka & The Chocolate Factory (Oompa-Loompa)
88.1%
Looney Tunes (Wile E. Coyote)
73.9%
Hellboy
71%
X-Men (Wolverine)
70.1%
Calvin and Hobbes (Hobbes)
64.3%
Spider-Man (Venom)
57.6%
Little Shop of Horrors (Audrey II)
57%
% Correct
Adventure Time
56.9%
Bob's Burgers (Tina and Louise)
56.8%
Breaking Bad (Walter White)
54.8%
The Big Lebowski (The Dude and Walter)
49.8%
Daria
49.1%
Street Fighter (Ryu and Ken)
43.5%
Alfred Hitchcock Presents
33.7%
Arrested Development (Tobias Fünke)
31.5%
My Neighbor Totoro (Totoro)
24.7%
Game of Thrones (Sigils)
21.6%
Forbidden Planet (Robby the Robot)
11.9%
Princess Mononoke (Kodama)
6.8%

You're not logged in!

Compare scores with friends on all Sporcle quizzes.
OR
Log In

You Might Also Like...

Show Comments

Extras

Top Quizzes Today


Score Distribution

Your Account Isn't Verified!

In order to create a playlist on Sporcle, you need to verify the email address you used during registration. Go to your Sporcle Settings to finish the process.

Report this User

Report this user for behavior that violates our Community Guidelines.

Details: